| 000 | 00786nam a2200169 4500 | ||
|---|---|---|---|
| 020 |
_a0222992956 : _c |
||
| 100 | 1 | _aBecker, Carl Lotus. | |
| 245 | 1 | 0 |
_aModern history: Europe since 1600. _nVol.1, _pAge of kings and nobles; [and], The age of political revolution / _cby Carl L. Becker, Kenneth S. Cooper; edited by Gordon R. Batho : [in 2 vols]. |
| 250 | _aLibrary ed. | ||
| 260 |
_aLondon : _bBurke, _c1970. |
||
| 300 |
_axii,329p. : _billus, facsims., col maps, ports. ; _c24cm. |
||
| 500 | _aOriginally published, Morristown: Silver Burdett, 1969. | ||
| 504 | _abibl. | ||
| 505 |
_aCONTENT: Introduction to modern history -- The age of kings and nobles -- The age of political revolution. _g _r _t |
||
| 700 | 1 |
_aBatho, G. R. _q(Gordon Richard), _d1929- |
|
| 700 | 1 | _aCooper, Kenneth Schaaf. | |
| 999 |
_c5668 _d5668 |
||